| 000 | 00984nam a2200265 i 4500 | ||
|---|---|---|---|
| 001 | 34952 | ||
| 003 | ES-MaBCM | ||
| 005 | 20241016103757.0 | ||
| 008 | 950601s1994 lux 000 0 spa d | ||
| 020 | _a92-826-8627-2 | ||
| 021 | _axx | ||
| 035 | _a(OCoLC)626577750 | ||
| 040 | _cES-MaBCM | ||
| 041 | 0 | _aspa | |
| 043 | _alux | ||
| 080 | _a338.98:341.17(4) | ||
| 110 | 2 |
_aComisión de las Comunidades Europeas _950903 |
|
| 245 | 1 | 0 |
_aCompetitividad y cohesión, las tendencias de las regiones _b: quinto informe periódico sobre la situación y la evolución socioeconómica de las regiones de la Comunidad _cComisión de las Comunidades Europeas |
| 260 |
_aLuxemburgo : _bOficina de Publicaciones Oficiales de las Comunidades Europeas, _c1994 |
||
| 300 |
_a206 p. _c30 cm |
||
| 440 | 0 |
_aPolíticas regionales de la Comunidad Europea _998406 |
|
| 650 | 2 | 7 |
_aPolítica regional de la UE _959842 |
| 710 | 2 |
_aOficina de Publicaciones de la Unión Europea _950996 |
|
| 942 | _cBK | ||
| 999 |
_c34952 _d34952 |
||